Forsaken characters (666 update) - Statystyki

Ogólne statystyki
  • Ten quiz został rozwiązany 30 razy
    17 od ostatniego zresetowania
  • Średni wynik to 16 z 17
Statystyki odpowiedzi
Obrazkowy Odpowiedź % Poprawnych
1X1X1X1
100%
Chance
100%
Coolkid
100%
Elliot
100%
Guest 666
100%
John Doe
100%
Noob
100%
Two Time
100%
007N7
92%
Builderman
92%
Guest 1337
92%
Noli
92%
Taph
92%
Dusekkar
83%
Shedletsky
83%
Slasher
83%
Veeronica
75%
Nie znaleziono quizów pasujących do podanych kryteriów
Rozkład punktacji
Procent ludzi z każdym wynikiem
Percentyl według liczby udzielonych odpowiedzi
Twoja historia wyników
Nie rozwiązałeś tego quizu od ostatniego zresetowania